| 000 | 00443nam a2200145 i 4500 | ||
|---|---|---|---|
| 001 | 46531 | ||
| 003 | ES-MaACL | ||
| 007 | t| | ||
| 008 | 030331s1889 sp ||||1| spa d | ||
| 111 | 2 |
_aCongreso Nacional de Arquitectos ( _n2ยบ. _d1889. _cBarcelona) _9520 |
|
| 245 | 1 | 0 | _aSegundo Congreso Nacional de Arquitectos. |
| 260 |
_aBarcelona : _b[s.n., _c1889] ( _fEst. Tip. "La Academia") |
||
| 300 |
_a447 p. ; _c25 cm. |
||
| 852 |
_aES-MaACL _jG-1151 |
||
| 999 |
_c46531 _d46531 |
||